The Phantom of the Opera | Think of Me Lyrics fill in the Blanks - Statistics

General Stats
  • This quiz has been taken 46 times
  • The average score is 19 of 23
Answer Stats
Hint Answer % Correct
If you ever find a _______ moment
100%
_____ of Me Think
100%
Stop and _____ of me think
100%
Please promise __ you'll try me
94%
Spare a ______ for me thought
94%
__________ me, once in a while Remember
91%
But if you can still _________ remember
91%
Think of me _______ when we said goodbye fondly
88%
You ____ think of me! will
88%
When you find, that ____ again you long once
84%
But please ______ me that sometimes promise
84%
They have their seasons, so do __ we
84%
Don't think about the way things _____ have been might
81%
We never said our love was _________ evergreen
78%
Think of the things we'll _____ do never
78%
There will never be a ___ when I won't think of you! day
75%
Think of all the _____ we've shared and seen things
72%
Imagine me, ______ to hard to put you from my mind trying
72%
Or as _________ as the sea unchanging
72%
To take your _____ back and be free heart
69%
Recall those ____, look back on all those times days
63%
Flowers fade, the ____ of summer fade, fruits
59%
Think of me, Think of me _______, Silent and resigned waking
53%
No matching quizzes found
Score Distribution
Percent of People with Each Score
Percentile by Number Answered
Your Score History
You have not taken this quiz